[Event "HUN-chT2 Barcza 2324"]
[Site "Hungary"]
[Date "2023.10.29"]
[Round "2.8"]
[White "Kantor, Jozsef"]
[Black "Laskai, Gabor"]
[Result "1/2-1/2"]
[WhiteElo "1765"]
[BlackElo "1620"]
[PlyCount "104"]
[EventDate "2023.10.08"]
[EventType "team-tourn"]
[EventRounds "9"]
[EventCountry "HUN"]
[SourceTitle "EXT 2025"]
[Source "ChessBase"]
[SourceDate "2024.10.14"]
[SourceVersion "1"]
[SourceVersionDate "2024.10.14"]
[SourceQuality "1"]
[WhiteTeam "Mezokovesd"]
[BlackTeam "Nyiregyhaza SISE"]
[WhiteTeamCountry "HUN"]
[BlackTeamCountry "HUN"]

1. d4 Nf6 2. Nf3 d5 3. Bf4 Bf5 4. Nbd2 e6 5. c3 c5 6. e3 c4 7. Nh4 Bg6 8. Be2 Nc6 9. h3 Bd6 10. Nxg6 hxg6 11. Bxd6 Qxd6 12. e4 Nxe4 13. Nxe4 dxe4 14. Bxc4 e3 15. 0-0 0-0-0 16. Qf3 exf2+ 17. Rxf2 Rd7 18. a4 a5 19. Bb5 Kc7 20. Raf1 f6 21. Qg4 g5 22. Re2 Re7 23. Rf3 Rh4 24. Qg3 Qxg3 25. Rxg3 Nd8 26. Rge3 Kd6 27. Bc4 Re8 28. g4 Rhh8 29. Kg2 Rhf8 30. d5 e5 31. b4 axb4 32. cxb4 Re7 33. Kf3 Nf7 34. Ke4 Nh8 35. Rc2 Rc7 36. a5 Rfc8 37. Rec3 Ng6 38. b5 Nf4 39. b6 Rc5 40. a6 Ra5 41. axb7 Rb8 42. Bb3 Rxb7 43. Rc6+ Kd7 44. Rc7+ Rxc7 45. Rxc7+ Kd6 46. Rc6+ Kd7 47. Bc4 Ra4 48. Rc7+ Kd6 49. Rc6+ Kd7 50. Kf5 Rb4 51. Rc7+ Kd6 52. Rc6+ Kd7 1/2-1/2

[Event "HUN-chT BAZ megyei CSB 2223"]
[Site "Hungary"]
[Date "2022.10.16"]
[Round "3.2"]
[White "Vanczak, Tamas"]
[Black "Kantor, Jozsef"]
[Result "1-0"]
[WhiteElo "2369"]
[BlackElo "1796"]
[PlyCount "81"]
[EventDate "2022.09.25"]
[EventType "team-tourn"]
[EventRounds "9"]
[EventCountry "HUN"]
[SourceTitle "EXT 2025"]
[Source "ChessBase"]
[SourceDate "2024.10.14"]
[SourceVersion "1"]
[SourceVersionDate "2024.10.14"]
[SourceQuality "1"]
[WhiteTeam "Miskolc KisBocsok"]
[BlackTeam "Tiszaujvaros"]
[WhiteTeamCountry "HUN"]
[BlackTeamCountry "HUN"]

1. d4 Nf6 2. Bg5 d5 3. Nd2 g6 4. Ngf3 Bg7 5. e3 Bg4 6. h3 Bxf3 7. Nxf3 c6 8. Bd3 Nbd7 9. 0-0 0-0 10. c4 dxc4 11. Bxc4 Ne4 12. Bf4 Nd6 13. Bb3 Rc8 14. Qe2 Nf6 15. Rfd1 e6 16. Ne5 Qe7 17. Rac1 h5 18. Bc2 Nd5 19. Bh2 Rfd8 20. Bb1 Qe8 21. Qf3 f5 22. Qg3 Kh7 23. Nf3 Nf7 24. h4 Rd7 25. e4 Nf6 26. Re1 Qg8 27. Qh3 Ng4 28. Bf4 Re8 29. Rcd1 Red8 30. d5 cxd5 31. exf5 exf5 32. Ng5+ Nxg5 33. hxg5 Re8 34. Bxf5 Rxe1+ 35. Rxe1 gxf5 36. Qxh5+ Bh6 37. Re8 Qg6 38. Rh8+ Kxh8 39. Qxg6 Re7 40. Kf1 Bg7 41. Qxf5 1-0

[Event "HUN-chT BAZ megyei CSB 2122"]
[Site "Hungary"]
[Date "2022.02.20"]
[Round "7.4"]
[White "Zelena, Tamas"]
[Black "Kantor, Jozsef"]
[Result "1-0"]
[WhiteElo "1913"]
[BlackElo "1815"]
[PlyCount "97"]
[EventDate "2021.10.17"]
[EventType "team-tourn"]
[EventRounds "9"]
[EventCountry "HUN"]
[SourceTitle "EXT 2025"]
[Source "ChessBase"]
[SourceDate "2024.10.14"]
[SourceVersion "1"]
[SourceVersionDate "2024.10.14"]
[SourceQuality "1"]
[WhiteTeam "Miskolc KisBocsok II"]
[BlackTeam "Tiszaujvaros"]
[WhiteTeamCountry "HUN"]
[BlackTeamCountry "HUN"]

1. e4 c6 2. d4 d5 3. exd5 cxd5 4. Bd3 Nf6 5. c3 g6 6. Bf4 Nc6 7. Nf3 Bg7 8. Nbd2 0-0 9. h3 Re8 10. 0-0 Nh5 11. Bh2 e5 12. dxe5 Nxe5 13. Nxe5 Bxe5 14. Bxe5 Rxe5 15. Nf3 Re7 16. Qd2 Bd7 17. Rfe1 Qf8 18. Rxe7 Qxe7 19. Re1 Qd6 20. Qh6 Re8 21. Rxe8+ Bxe8 22. Qe3 Bc6 23. Qxa7 Nf4 24. Qd4 f6 25. c4 Kf7 26. cxd5 Nxd3 27. Qxd3 Bxd5 28. b3 Qc6 29. Qe3 Qc2 30. Qh6 Qd1+ 31. Kh2 Bxf3 32. Qxh7+ Ke6 33. gxf3 Qxf3 34. Qh4 Kf5 35. Qg3 Qe4 36. a4 g5 37. Qc3 Qd5 38. Kg3 Qd6+ 39. Kg2 Kg6 40. Qf3 b6 41. Qe4+ f5 42. Qe8+ Kh6 43. Qb5 Kg6 44. Qc4 Kf6 45. b4 Qd8 46. b5 Qa8+ 47. Qc6+ Qxc6+ 48. bxc6 Ke6 49. f4 1-0

[Event "HUN-chT2 Barcza 1819"]
[Site "Hungary"]
[Date "2019.04.28"]
[Round "11.7"]
[White "Kantor, Jozsef"]
[Black "Szakaly, Balazs"]
[Result "0-1"]
[WhiteElo "1900"]
[BlackElo "2051"]
[PlyCount "102"]
[EventDate "2018.09.23"]
[EventType "team-tourn"]
[EventRounds "11"]
[EventCountry "HUN"]
[SourceTitle "EXT 2021"]
[Source "ChessBase"]
[SourceDate "2020.10.23"]
[SourceVersion "1"]
[SourceVersionDate "2020.10.23"]
[SourceQuality "1"]
[WhiteTeam "Mezokovesd"]
[BlackTeam "Debrecen Sakkbaratok"]
[WhiteTeamCountry "HUN"]
[BlackTeamCountry "HUN"]

1. d4 d5 2. c4 e6 3. Nc3 f5 4. Nf3 c6 5. cxd5 exd5 6. Bd2 Nf6 7. e3 Bd6 8. Be2 0-0 9. 0-0 Qe7 10. Qb3 Kh8 11. Rfd1 Nbd7 12. Rac1 Ne4 13. Rc2 Ndf6 14. Be1 g5 15. Nxe4 fxe4 16. Nd2 g4 17. Nf1 h5 18. a3 Nh7 19. Bb4 Bxb4 20. Qxb4 Qf7 21. Qe1 Ng5 22. Ng3 h4 23. Nh1 Qh7 24. Rdc1 Rf6 25. Qd1 Nf3+ 26. gxf3 gxf3 27. Bf1 Rg6+ 28. Ng3 Be6 29. Kh1 hxg3 30. fxg3 Rxg3 31. Qe1 Rag8 32. Qf2 Bh3 33. Qxg3 Rxg3 34. hxg3 Bxf1+ 35. Rh2 Bh3 36. Rcc2 Kg7 37. Kg1 Qf5 38. Kf2 Bg2 39. Rh4 Qd7 40. Rh5 Qd8 41. g4 Qb6 42. Re5 Qb5 43. Kg3 Qd3 44. Rc3 Qf1 45. Re7+ Kf6 46. Rxb7 Qe1+ 47. Kf4 Qxc3 48. g5+ Kg6 49. bxc3 f2 50. Rb1 f1Q+ 51. Rxf1 Bxf1 0-1

[Event "HUN-chT2 Barcza 1718"]
[Site "Hungary"]
[Date "2018.02.18"]
[Round "8.9"]
[White "Kantor, Jozsef"]
[Black "Darai, Tihamer"]
[Result "1/2-1/2"]
[WhiteElo "1905"]
[BlackElo "1831"]
[PlyCount "92"]
[EventDate "2017.09.24"]
[EventType "team-tourn"]
[EventRounds "11"]
[EventCountry "HUN"]
[SourceTitle "EXT 2021"]
[Source "ChessBase"]
[SourceDate "2020.10.23"]
[SourceVersion "1"]
[SourceVersionDate "2020.10.23"]
[SourceQuality "1"]
[WhiteTeam "Mezokovesd"]
[BlackTeam "Nyiregyhaza SISE"]
[WhiteTeamCountry "HUN"]
[BlackTeamCountry "HUN"]

1. d4 Nf6 2. c4 e6 3. Nf3 Bb4+ 4. Bd2 Qe7 5. a3 Bxd2+ 6. Nbxd2 0-0 7. e3 b6 8. Be2 Bb7 9. 0-0 d5 10. Re1 Nbd7 11. Rc1 c5 12. dxc5 Nxc5 13. b4 Nce4 14. Nxe4 Nxe4 15. Nd2 Nxd2 16. Qxd2 Rac8 17. Qb2 dxc4 18. Bxc4 Rfd8 19. Bf1 Rd7 20. Rxc8+ Bxc8 21. Rc1 Rc7 22. f4 Bb7 23. Rxc7 Qxc7 24. Qe5 Qxe5 25. fxe5 Be4 26. Be2 g5 27. Kf2 Kg7 28. Bf3 Bxf3 29. Kxf3 Kg6 30. g4 h5 31. h3 hxg4+ 32. hxg4 Kg7 33. Ke4 Kf8 34. Kd4 Ke7 35. Kc4 a6 36. a4 Kd7 37. a5 bxa5 38. bxa5 Kc6 39. e4 Kd7 40. Kc3 Kc6 41. Kb4 Kd7 42. Ka4 Kc6 43. Kb4 Kd7 44. Kb3 Kc6 45. Kc4 Kd7 46. Kc5 Kc7 1/2-1/2

[Event "HUN-chT2 Barcza 1617"]
[Site "Hungary"]
[Date "2017.01.29"]
[Round "7.8"]
[White "Gunyecz, Zoltan"]
[Black "Kantor, Jozsef"]
[Result "1-0"]
[WhiteElo "1958"]
[BlackElo "1928"]
[PlyCount "77"]
[EventDate "2016.09.25"]
[EventType "team-tourn"]
[EventRounds "11"]
[EventCountry "HUN"]
[SourceTitle "EXT 2021"]
[Source "ChessBase"]
[SourceDate "2020.10.23"]
[SourceVersion "1"]
[SourceVersionDate "2020.10.23"]
[SourceQuality "1"]
[WhiteTeam "Nyiregyhaza SISE"]
[BlackTeam "Mezokovesd"]
[WhiteTeamCountry "HUN"]
[BlackTeamCountry "HUN"]

1. d4 Nf6 2. c4 g6 3. Nc3 Bg7 4. e4 d6 5. Be2 0-0 6. Nf3 Nbd7 7. 0-0 e5 8. d5 Nc5 9. Qc2 Bg4 10. Nd2 a6 11. b4 Bxe2 12. Nxe2 Ncd7 13. Nb3 Qe7 14. Bg5 h6 15. Bh4 g5 16. Bg3 Nh5 17. f3 Nf4 18. Bf2 b6 19. Ng3 Rfc8 20. Rfc1 Bf8 21. Be3 Qf6 22. c5 dxc5 23. bxc5 Bxc5 24. Nxc5 Nxc5 25. Bxc5 bxc5 26. Qxc5 Nd3 27. Qc6 Qf4 28. Nf5 Nxc1 29. Qxh6 Ne2+ 30. Kh1 Qxf5 31. exf5 f6 32. Qg6+ Kh8 33. Qxf6+ Kg8 34. Qxg5+ Kf7 35. Qg6+ Ke7 36. Re1 Rab8 37. h4 Nd4 38. Qg7+ Kd8 39. Qxe5 1-0

[Event "HUN-chT2 Barcza 1516"]
[Site "Hungary"]
[Date "2016.04.03"]
[Round "10.9"]
[White "Kantor, Jozsef"]
[Black "Papp, Laszlo"]
[Result "0-1"]
[WhiteElo "1932"]
[BlackElo "1685"]
[PlyCount "90"]
[EventDate "2015.09.13"]
[EventType "team-tourn"]
[EventRounds "11"]
[EventCountry "HUN"]
[SourceTitle "EXT 2017"]
[Source "ChessBase"]
[SourceDate "2016.10.25"]
[SourceVersion "1"]
[SourceVersionDate "2016.10.25"]
[SourceQuality "1"]
[WhiteTeam "Mezokovesd"]
[BlackTeam "Nyiregyhaza"]
[WhiteTeamCountry "HUN"]
[BlackTeamCountry "HUN"]

1. d4 d5 2. Nf3 Nf6 3. Bf4 e6 4. e3 Be7 5. Bd3 0-0 6. h3 b6 7. Nbd2 Bb7 8. Rc1 Nbd7 9. 0-0 c5 10. c3 Re8 11. Re1 a6 12. Bb1 Rc8 13. Ne5 Nxe5 14. Bxe5 Nd7 15. Nf3 f6 16. Bh2 Nf8 17. Nh4 Bd6 18. Nf3 Bxh2+ 19. Nxh2 Qe7 20. Qb3 b5 21. a3 c4 22. Qc2 Bc6 23. f4 a5 24. Qd2 Rb8 25. Nf3 b4 26. axb4 axb4 27. Bc2 Nd7 28. Ra1 b3 29. Bd1 Ra8 30. Be2 Nb6 31. Reb1 Qb7 32. Qc1 Rxa1 33. Rxa1 Ra8 34. Nd2 Rxa1 35. Qxa1 Qa8 36. Qa3 Qxa3 37. bxa3 Na4 38. Nb1 Be8 39. f5 exf5 40. Bf3 Bf7 41. Kf2 Kf8 42. Ke1 Ke7 43. Kd2 Kd6 44. g3 Bg6 45. Bd1 f4 0-1

[Event "HUN-chT2 Barcza 1516"]
[Site "Hungary"]
[Date "2015.09.13"]
[Round "1.7"]
[White "Kantor, Jozsef"]
[Black "Kiripolszky, Tamas"]
[Result "1/2-1/2"]
[WhiteElo "1938"]
[BlackElo "1942"]
[PlyCount "44"]
[EventDate "2015.09.13"]
[EventType "team-tourn"]
[EventRounds "11"]
[EventCountry "HUN"]
[SourceTitle "CBM 170 Extra"]
[Source "ChessBase"]
[SourceDate "2016.02.25"]
[SourceVersion "1"]
[SourceVersionDate "2016.02.25"]
[SourceQuality "1"]
[WhiteTeam "Mezokovesd"]
[BlackTeam "Hajduszoboszlo"]
[WhiteTeamCountry "HUN"]
[BlackTeamCountry "HUN"]

1. d4 d5 2. Nf3 g6 3. g3 c5 4. e3 Bg7 5. Bg2 Nc6 6. 0-0 cxd4 7. exd4 Nf6 8. Nbd2 0-0 9. c3 Bg4 10. Re1 Re8 11. h3 Bf5 12. g4 Bc8 13. Nf1 h5 14. gxh5 Nxh5 15. Ng3 Nxg3 16. fxg3 b5 17. Bf4 Qb6 18. Kh2 Bb7 19. Re2 Rad8 20. Qd2 a5 21. Rae1 b4 22. Ne5 e6 1/2-1/2

[Event "HUN-chT2 Barcza 1415"]
[Site "Hungary"]
[Date "2015.04.26"]
[Round "11.8"]
[White "Kantor, Jozsef"]
[Black "Baranyai, Szabolcs"]
[Result "1-0"]
[WhiteElo "1920"]
[BlackElo "2236"]
[PlyCount "79"]
[EventDate "2014.09.07"]
[EventType "team-tourn"]
[EventRounds "11"]
[EventCountry "HUN"]
[SourceTitle "EXT 2016"]
[Source "ChessBase"]
[SourceDate "2015.10.08"]
[SourceVersion "1"]
[SourceVersionDate "2015.10.08"]
[SourceQuality "1"]
[WhiteTeam "Mezokovesd"]
[BlackTeam "Hajduszoboszlo"]
[WhiteTeamCountry "HUN"]
[BlackTeamCountry "HUN"]

1. d4 e6 2. Bf4 Nf6 3. e3 d5 4. Nd2 c5 5. c3 Nc6 6. Be2 cxd4 7. exd4 Bd6 8. Bxd6 Qxd6 9. Ngf3 0-0 10. 0-0 h6 11. Re1 e5 12. dxe5 Nxe5 13. Nxe5 Qxe5 14. Bf3 Qg5 15. Nb3 Bg4 16. Bxg4 Qxg4 17. Qxg4 Nxg4 18. h3 Nf6 19. Re7 b6 20. Rd1 Rfe8 21. Rxe8+ Rxe8 22. Kf1 Kf8 23. Nd4 a6 24. Nf5 b5 25. g4 g6 26. Nxh6 Re5 27. h4 Ke7 28. f3 Ke6 29. Kf2 Nd7 30. g5 f6 31. gxf6 Nxf6 32. Ng4 Nxg4+ 33. fxg4 Re4 34. Kf3 Ke5 35. Rd3 Rf4+ 36. Kg3 Rf1 37. Re3+ Kf6 38. Rf3+ Rxf3+ 39. Kxf3 Ke5 40. Ke3 1-0

[Event "HUN-chT2 Barcza 1415"]
[Site "Hungary"]
[Date "2015.03.01"]
[Round "9.9"]
[White "Radai, Zoltan Mate"]
[Black "Kantor, Jozsef"]
[Result "0-1"]
[WhiteElo "1738"]
[BlackElo "1920"]
[PlyCount "122"]
[EventDate "2014.09.07"]
[EventType "team-tourn"]
[EventRounds "11"]
[EventCountry "HUN"]
[SourceTitle "EXT 2016"]
[Source "ChessBase"]
[SourceDate "2015.10.08"]
[SourceVersion "1"]
[SourceVersionDate "2015.10.08"]
[SourceQuality "1"]
[WhiteTeam "Piremon"]
[BlackTeam "Mezokovesd"]
[WhiteTeamCountry "HUN"]
[BlackTeamCountry "HUN"]

1. d4 Nf6 2. Nf3 d5 3. c4 c6 4. Nc3 g6 5. cxd5 cxd5 6. h3 Bg7 7. Bf4 0-0 8. e3 a6 9. Bd3 b6 10. 0-0 Bb7 11. Rc1 Nbd7 12. a4 Re8 13. Qb3 Nf8 14. Rc2 Ne6 15. Bh2 Rc8 16. Rfc1 Rf8 17. Ne1 h6 18. Kh1 Kh7 19. f3 Ne8 20. Bf1 h5 21. Na2 Rxc2 22. Nxc2 a5 23. Na3 Nd6 24. Nb5 Nc4 25. Rc2 Bh6 26. Bg1 f5 27. Na3 Nd6 28. Nc3 Nc8 29. Nab5 Qd7 30. Bf2 Bc6 31. Re2 Bg7 32. Rd2 Nd8 33. f4 Bf6 34. h4 e6 35. Rc2 Be7 36. Rc1 Nf7 37. Nb1 Bb4 38. N5c3 Nfd6 39. Be1 Na7 40. Bf2 Rb8 41. Qc2 Rc8 42. Ba6 Rd8 43. Na2 Bxa4 44. b3 Bb5 45. Nxb4 axb4 46. Qa2 Ne4 47. Be1 Qe7 48. Bxb5 Nxb5 49. Qa6 Nbc3 50. Qxb6 Rc8 51. Qa5 Kg7 52. g3 Qb7 53. Nxc3 bxc3 54. Qa2 Ra8 55. Qc2 Ra3 56. Rb1 Qa6 57. Bxc3 Nxg3+ 58. Kg2 Ne4 59. Bb2 Rxb3 60. Qc7+ Kh6 61. Qc2 Rxe3 0-1

[Event "Borsod-chT2 1415"]
[Site "Hungary"]
[Date "2015.02.22"]
[Round "6.1"]
[White "Galko, Tibor"]
[Black "Kantor, Jozsef"]
[Result "1/2-1/2"]
[WhiteElo "1851"]
[BlackElo "1920"]
[PlyCount "62"]
[EventDate "2014.09.28"]
[EventType "team-tourn"]
[EventRounds "7"]
[EventCountry "HUN"]
[SourceTitle "EXT 2016"]
[Source "ChessBase"]
[SourceDate "2015.10.08"]
[SourceVersion "1"]
[SourceVersionDate "2015.10.08"]
[SourceQuality "1"]
[WhiteTeam "Edeleny III"]
[BlackTeam "Tiszaujvaros"]
[WhiteTeamCountry "HUN"]
[BlackTeamCountry "HUN"]

1. e4 c6 2. d4 d5 3. exd5 cxd5 4. Bd3 Nf6 5. c3 g6 6. h3 Bg7 7. Nf3 Nbd7 8. Bf4 0-0 9. 0-0 a6 10. Nbd2 b6 11. Re1 Bb7 12. Ne5 Re8 13. Ndf3 Rc8 14. Nxd7 Nxd7 15. Qe2 Ra8 16. Ng5 e5 17. dxe5 Nxe5 18. Nf3 f6 19. Nd4 Qd7 20. Qd2 Re7 21. Re2 Rae8 22. Rae1 Kf7 23. Be3 Nc4 24. Qc2 Nxe3 25. Rxe3 Rxe3 26. Rxe3 Rxe3 27. fxe3 Bh6 28. Qe2 Qe7 29. Kf2 b5 30. Qf3 Qe5 31. g3 Bc8 1/2-1/2

[Event "Borsod-chT2 1415"]
[Site "Hungary"]
[Date "2015.01.24"]
[Round "5.1"]
[White "Bujdoso, Barnabas"]
[Black "Kantor, Jozsef"]
[Result "0-1"]
[WhiteElo "1962"]
[BlackElo "1920"]
[PlyCount "64"]
[EventDate "2014.09.28"]
[EventType "team-tourn"]
[EventRounds "7"]
[EventCountry "HUN"]
[SourceTitle "EXT 2016"]
[Source "ChessBase"]
[SourceDate "2015.10.08"]
[SourceVersion "1"]
[SourceVersionDate "2015.10.08"]
[SourceQuality "1"]
[WhiteTeam "Szendro"]
[BlackTeam "Tiszaujvaros"]
[WhiteTeamCountry "HUN"]
[BlackTeamCountry "HUN"]

1. Nf3 Nf6 2. Nc3 d5 3. d4 Bf5 4. Nh4 Bg6 5. Nxg6 hxg6 6. Qd3 c6 7. e4 dxe4 8. Nxe4 Nxe4 9. Qxe4 Nd7 10. Bd2 Nf6 11. Qd3 e6 12. 0-0-0 Bd6 13. f4 Ng4 14. Qg3 Qh4 15. Be1 Qxg3 16. Bxg3 g5 17. Be2 Ne3 18. fxg5 Nxd1 19. Bxd6 Ne3 20. g4 g6 21. c4 Ng2 22. Be5 Rh7 23. Rg1 Nh4 24. Bf6 Kd7 25. Rg3 c5 26. dxc5 Kc6 27. b4 a5 28. Bd3 axb4 29. Kb2 Ra3 30. Be4+ Kxc5 31. Rxa3 bxa3+ 32. Kb3 Nf3 0-1

[Event "Borsod-chT2 1415"]
[Site "Hungary"]
[Date "2014.11.09"]
[Round "3.1"]
[White "Molnar, Milan"]
[Black "Kantor, Jozsef"]
[Result "0-1"]
[WhiteElo "1864"]
[BlackElo "1920"]
[PlyCount "56"]
[EventDate "2014.09.28"]
[EventType "team-tourn"]
[EventRounds "7"]
[EventCountry "HUN"]
[SourceTitle "EXT 2016"]
[Source "ChessBase"]
[SourceDate "2015.10.08"]
[SourceVersion "1"]
[SourceVersionDate "2015.10.08"]
[SourceQuality "1"]
[WhiteTeam "Ozd"]
[BlackTeam "Tiszaujvaros"]
[WhiteTeamCountry "HUN"]
[BlackTeamCountry "HUN"]

1. e4 c6 2. c4 d5 3. cxd5 cxd5 4. exd5 a6 5. Nc3 Nf6 6. Qa4+ Nbd7 7. Nf3 g6 8. Be2 Bg7 9. 0-0 0-0 10. d6 exd6 11. d4 b5 12. Qb4 Nb6 13. Bf4 d5 14. a4 bxa4 15. Nxa4 Nxa4 16. Rxa4 a5 17. Qc5 Bd7 18. Bc7 Qe8 19. Rxa5 Rxa5 20. Qxa5 Qxe2 21. Be5 Qxb2 22. Bxf6 Bxf6 23. Qxd5 Be6 24. Qd6 Re8 25. g3 Bh3 26. Re1 Rxe1+ 27. Nxe1 Bxd4 28. Qf4 Qe2 0-1

[Event "HUN-chT2 Erkel 1314"]
[Site "Hungary"]
[Date "2013.11.17"]
[Round "5.10"]
[White "Kantor, Jozsef"]
[Black "Kormos, Jozsef"]
[Result "0-1"]
[WhiteElo "1916"]
[BlackElo "1878"]
[PlyCount "126"]
[EventDate "2013.09.08"]
[EventType "team-tourn"]
[EventRounds "11"]
[EventCountry "HUN"]
[SourceTitle "EXT 2016"]
[Source "ChessBase"]
[SourceDate "2015.10.08"]
[SourceVersion "1"]
[SourceVersionDate "2015.10.08"]
[SourceQuality "1"]
[WhiteTeam "Mezokovesd"]
[BlackTeam "Paszto"]
[WhiteTeamCountry "HUN"]
[BlackTeamCountry "HUN"]

1. d4 d5 2. c4 e6 3. e3 Nf6 4. Nc3 Bb4 5. Nf3 0-0 6. Qc2 c5 7. a3 Bxc3+ 8. bxc3 Nbd7 9. Bd3 dxc4 10. Bxc4 b6 11. 0-0 Bb7 12. Nd2 Qc7 13. f4 Rac8 14. Ra2 Bd5 15. Qd3 Rfd8 16. Rc2 Bxc4 17. Qxc4 Nd5 18. Rf3 cxd4 19. cxd4 Qxc4 20. Nxc4 b5 21. e4 N5f6 22. Ne3 Rxc2 23. Nxc2 Rc8 24. Rf2 Nxe4 25. Re2 Nc3 26. Rf2 Nf6 27. Ne3 Nfe4 28. Rc2 Ne2+ 29. Rxe2 Rxc1+ 30. Nf1 f5 31. g4 g6 32. Kg2 Rc4 33. gxf5 exf5 34. Rb2 a6 35. Rb4 Rxb4 36. axb4 Nc3 37. Ne3 h6 38. Kf2 Kf7 39. Kf3 Ke6 40. h3 Nd5 41. Nc2 g5 42. fxg5 hxg5 43. Kg3 Ne7 44. h4 gxh4+ 45. Kxh4 Kd5 46. Kg5 Nc6 47. Kf4 Nxd4 48. Ne3+ Ke6 49. Nf1 Nc2 50. Ng3 Kd5 51. Nxf5 Kc4 52. Ke4 Nxb4 53. Ke3 Kc3 54. Ke2 Nd5 55. Kd1 Kb2 56. Nd4 Nc3+ 57. Kd2 a5 58. Nc6 a4 59. Ne5 Ne4+ 60. Ke3 Nc5 61. Kd4 Nb3+ 62. Ke3 a3 63. Nd3+ Kc3 0-1

[Event "HUN-chT2 Erkel 1213"]
[Site "Hungary"]
[Date "2013.04.21"]
[Round "11.9"]
[White "Kantor, Jozsef"]
[Black "Agonacs, Zsolt"]
[Result "1/2-1/2"]
[WhiteElo "1946"]
[BlackElo "1971"]
[PlyCount "104"]
[EventDate "2012.09.16"]
[EventType "team-tourn"]
[EventRounds "11"]
[EventCountry "HUN"]
[SourceTitle "EXT 2014"]
[Source "ChessBase"]
[SourceDate "2013.11.20"]
[SourceVersion "1"]
[SourceVersionDate "2013.11.20"]
[SourceQuality "1"]
[WhiteTeam "Mezokovesd"]
[BlackTeam "Nagykata"]
[WhiteTeamCountry "HUN"]
[BlackTeamCountry "HUN"]

1. d4 Nf6 2. c4 g6 3. Nc3 Bg7 4. Nf3 0-0 5. e3 d6 6. Be2 Nc6 7. 0-0 e5 8. a3 Bd7 9. b4 Ne8 10. Bb2 f5 11. b5 Na5 12. dxe5 dxe5 13. Qd5+ Kh8 14. Nxe5 Qe7 15. Nxd7 Rd8 16. Rad1 Nf6 17. Qc5 Rxd7 18. Qb4 b6 19. Nd5 Nxd5 20. Bxg7+ Qxg7 21. Rxd5 Rxd5 22. cxd5 Rd8 23. Rd1 Nb7 24. Qa4 Qb2 25. Bf3 Nd6 26. Qh4 Re8 27. a4 Qc3 28. Qd4+ Qxd4 29. Rxd4 Kg7 30. Kf1 Kf6 31. Ke2 a6 32. bxa6 Ra8 33. Kd3 Rxa6 34. Bd1 Ra5 35. f3 b5 36. e4 Ke5 37. g3 g5 38. Rb4 bxa4 39. Bxa4 Ra8 40. Ke3 fxe4 41. fxe4 h6 42. h3 Ra5 43. Rd4 Rc5 44. Bc6 Rc3+ 45. Rd3 Rxd3+ 46. Kxd3 Nxe4 47. Kc4 Nxg3 48. Bd7 Ne4 49. Bg4 Nf6 50. Bf3 h5 51. Kc5 g4 52. hxg4 hxg4 1/2-1/2

[Event "HUN-chT2 Erkel 1213"]
[Site "Hungary"]
[Date "2013.04.07"]
[Round "10.9"]
[White "Lovas, Zsolt"]
[Black "Kantor, Jozsef"]
[Result "0-1"]
[WhiteElo "2073"]
[BlackElo "1946"]
[PlyCount "109"]
[EventDate "2012.09.16"]
[EventType "team-tourn"]
[EventRounds "11"]
[EventCountry "HUN"]
[SourceTitle "EXT 2014"]
[Source "ChessBase"]
[SourceDate "2013.11.20"]
[SourceVersion "1"]
[SourceVersionDate "2013.11.20"]
[SourceQuality "1"]
[WhiteTeam "Foti"]
[BlackTeam "Mezokovesd"]
[WhiteTeamCountry "HUN"]
[BlackTeamCountry "HUN"]

1. e4 c6 2. d4 d5 3. exd5 cxd5 4. c4 Nf6 5. Nc3 g6 6. Nf3 Bg7 7. h3 0-0 8. Bd3 dxc4 9. Bxc4 Nc6 10. 0-0 a6 11. a4 b6 12. Be3 Bb7 13. Ne5 e6 14. Nxc6 Bxc6 15. Qe2 Bb7 16. Rfd1 Qd6 17. Rac1 Rfd8 18. Bd3 Rd7 19. Rb1 Qb4 20. Rbc1 h6 21. Rd2 Kh7 22. Rdc2 Qd6 23. Rd2 Qb4 24. g4 Qa5 25. h4 Nd5 26. Ne4 Nxe3 27. fxe3 Qd5 28. h5 Kh8 29. hxg6 fxg6 30. Rf1 e5 31. Qh2 Qe6 32. g5 exd4 33. gxh6 Bxe4 34. hxg7+ Kxg7 35. Bxe4 Qxe4 36. exd4 Rh8 37. Qg2 Rxd4 38. Qxe4 Rxe4 39. Rd7+ Kh6 40. Rf2 Rhe8 41. Rdf7 Rxa4 42. Rh2+ Kg5 43. Rg2+ Rg4 44. Rxg4+ Kxg4 45. Rf6 g5 46. Rxb6 Re2 47. Rxa6 Rxb2 48. Ra8 Kh4 49. Ra7 Rc2 50. Kf1 Rd2 51. Kg1 g4 52. Ra8 Kh3 53. Ra7 Rg2+ 54. Kh1 Re2 55. Kg1 0-1

[Event "HUN-chT2 Erkel 1213"]
[Site "Hungary"]
[Date "2012.12.02"]
[Round "5.8"]
[White "Hidvegi, Attila"]
[Black "Kantor, Jozsef"]
[Result "1/2-1/2"]
[WhiteElo "2036"]
[BlackElo "1946"]
[PlyCount "144"]
[EventDate "2012.09.16"]
[EventType "team-tourn"]
[EventRounds "11"]
[EventCountry "HUN"]
[SourceTitle "EXT 2014"]
[Source "ChessBase"]
[SourceDate "2013.11.20"]
[SourceVersion "1"]
[SourceVersionDate "2013.11.20"]
[SourceQuality "1"]
[WhiteTeam "Pestszentlorinc"]
[BlackTeam "Mezokovesd"]
[WhiteTeamCountry "HUN"]
[BlackTeamCountry "HUN"]

1. e4 c6 2. d4 d5 3. Nc3 dxe4 4. Nxe4 Bf5 5. Ng3 Bg6 6. Nf3 e6 7. Bc4 Nd7 8. 0-0 Be7 9. Re1 Ngf6 10. Qe2 Nd5 11. c3 a5 12. a3 0-0 13. Bd2 Re8 14. Ba2 h6 15. c4 N5b6 16. Bf4 Nf8 17. Rad1 Nbd7 18. Qd2 Nf6 19. Ne5 Bh7 20. Bb1 Bxb1 21. Rxb1 Bd6 22. Rbd1 Bc7 23. Qc2 a4 24. Bd2 Qxd4 25. Ba5 Bxa5 26. Rxd4 Bxe1 27. Ne4 Nxe4 28. Qxe4 Ba5 29. c5 Bc7 30. Nc4 e5 31. Nd6 Re6 32. Rxa4 Rxa4 33. Qxa4 Bxd6 34. cxd6 Rxd6 35. g3 Rd7 36. Qa8 g5 37. Qe8 f6 38. Kg2 Kg7 39. Kf3 Rd3+ 40. Ke2 Rb3 41. Qe7+ Kg8 42. Qxf6 Rxb2+ 43. Kf1 Ra2 44. Qe7 b5 45. Qd6 Kf7 46. Qxc6 Rxa3 47. Qxb5 Ra1+ 48. Kg2 Kf6 49. Qb2 Ra6 50. Qe2 Re6 51. Kh3 e4 52. Qb2+ Re5 53. Kg4 Ne6 54. Kh5 Ng7+ 55. Kxh6 Nf5+ 56. Kh5 Nd6 57. Kg4 Ke6 58. h4 gxh4 59. gxh4 e3 60. Qb3+ Kf6 61. fxe3 Re4+ 62. Kf3 Rxh4 63. Qd5 Nf7 64. Kg3 Rh6 65. e4 Ke7 66. Qc5+ Ke6 67. e5 Rh8 68. Qc4+ Ke7 69. Qb4+ Ke6 70. Qb3+ Ke7 71. Qb7+ Ke6 72. Qc6+ Kxe5 1/2-1/2

[Event "HUN-chT2 Barcza 1112 "]
[Site "Hungary"]
[Date "2012.03.25"]
[Round "8"]
[White "Vass, Laszlo"]
[Black "Kantor, Jozsef"]
[Result "1-0"]
[WhiteElo "1789"]
[BlackElo "1974"]
[PlyCount "87"]
[EventDate "2011.09.25"]
[EventType "team-tourn"]
[EventRounds "11"]
[EventCountry "HUN"]
[SourceTitle "EXT 2013"]
[Source "ChessBase"]
[SourceDate "2012.11.22"]
[SourceVersion "1"]
[SourceVersionDate "2012.11.22"]
[SourceQuality "1"]
[WhiteTeam "Nadudvar"]
[BlackTeam "Mezokovesd"]
[WhiteTeamCountry "HUN"]
[BlackTeamCountry "HUN"]

1. e4 c6 2. d4 d5 3. exd5 cxd5 4. c4 dxc4 5. Bxc4 e6 6. Nf3 Nf6 7. Nc3 Be7 8. 0-0 0-0 9. h3 Qc7 10. Bb3 a6 11. Be3 b5 12. Rc1 Qd6 13. a3 Bb7 14. Ne5 Nbd7 15. f4 Rfd8 16. Bc2 Rac8 17. Qd3 g6 18. Rcd1 Bf8 19. Ng4 Bg7 20. Rd2 h5 21. Ne5 Qe7 22. Bf2 Nd5 23. Qg3 Nf8 24. Ne4 Nb6 25. Nc3 Nc4 26. Nxc4 Rxc4 27. Bb3 Rc7 28. d5 Rcd7 29. Re2 Bxc3 30. dxe6 fxe6 31. Qxc3 Rd3 32. Qc2 Qd7 33. Ba2 Rc8 34. Bc5 Rg3 35. f5 Qc6 36. b4 gxf5 37. Rxf5 Qe8 38. Qd2 Qg6 39. Rxf8+ Rxf8 40. Bxf8 Kxf8 41. Qd8+ Kg7 42. Qc7+ Kh8 43. Qxb7 Rxa3 44. Rxe6 1-0